| 000 | 00388 a2200157 4500 | ||
|---|---|---|---|
| 999 |
_c988 _d988 |
||
| 020 | _a0582093333 | ||
| 050 | _aGB 330 BUC 1996 | ||
| 100 |
_aBuckle,Colin _eauthor |
||
| 245 |
_aWeather and climate in Africa/ _cColin, Buckle |
||
| 264 |
_aEngland: _bLongman, _c1996 |
||
| 300 | _a312p. | ||
| 500 | _ainclude index | ||
| 650 | _aWeather | ||
| 650 | _aClimate | ||
| 942 |
_2lcc _cBK _h330 _iBUC _kGB |
||